000 00356nam a22001457a 4500
008 250422b ||||| |||| 00| 0 eng d
020 _a0716705001
041 _aeng
080 _21974
_a101ROC
082 _2101ROC
_a101ROC
100 _a42
101 _aFILOZOFI
245 _aSCIENTIFIC TECHNOLOGY AND SOCIAL CHANGE
_cGENE I.ROCHLIN
942 _2udc
_cBK
999 _c60675
_d60675